xdinary heroes members - Statistics

General Stats
  • This quiz has been taken 545 times
  • The average score is 6 of 6
Answer Stats
Member % Correct
O.de
97%
Gunil
96%
Gaon
95%
Jooyeon
94%
Jun Han
94%
Jungsu
90%
No matching quizzes found
Score Distribution
Percent of People with Each Score
Percentile by Number Answered
Your Score History
You have not taken this quiz